00453nam a22001697a 4500003000700000005001700007008004100024020001800065082001400083100002000097245005100117250001100168260003700179300000800216490002600224650003300250MPLRDC20220104144057.0210129b ||||| |||| 00| 0 eng d a962-7426-30-1 a245.6 LH  a龙萧念全编 a无国界孩子, 华人宣教士子女手记c a初版 ab香港差传事工联会c2000 b平 a宣教情怀系列. 3 a讲道; 传道--海外传道